=LDR 00000nam 2200000 4500 =001 INLIS000000000049344 =005 20170210141246.0 =006 =007 =008 =020 ##$$a 978-979-3703-49-7 =035 ##$$0010-021700000000136 =040 ##$$a NBPDMAT =082 ##$$a 912.959 817 =090 ##$$aR.912.959 817 $bAch a =100 ##$$a Achmad Chaldun =245 ##$$a Atlas tematik provinsi Bengkulu $b: Administrasi, Sosial Budaya, Transportasi dan Perdagangan - Sumber daya Alam $c/ Achmad Chaldun; Achmad Rusdi =250 ##$$a Cet. 1 =260 ##$$a Surabaya $b Karya Pembina Swajaya $c 2007 =300 ##$$a 64 hlm. : $b ilus. ; $c 31 cm =500 ##$$a Indeks hlm : 61 - 63 =650 ##$$a Atlas - Bengkulu =700 ##$$a Achmad Rusdi =850 ##$$a NBPDMAT =990 ##$$a 21606000 =990 ##$$a 21606001 =990 ##$$a 21606002 =990 ##$$a 21606003